000 00495nam a2200169 i 4500
001 91235
003 ES-MaACL
005 20230906180655.0
007 t|
008 050128s1971 sp ||||1| spa d
100 1 _aLeourier, Christian.
_971708
245 1 3 _aEl origen de la vida /
_cChristian Leourier ; [traducción: Juan Aranzadi].
260 _aMadrid :
_bItsmo,
_c[1971]
300 _a167 p. :
_bil. ;
_c18 cm.
700 1 _aAranzadi, Juan.
_922332
852 _aES-MaACL
_jC-45986
_bR.77872
999 _c91235
_d91235